ბათუმის შოთა რუსთაველის სახელმწიფო უნივერსიტეტის ბიბლიოთეკა

Oral and Maxillofacial Surgery for the Clinician : (ბიბ.ჩანაწერი № 61264)

000 -LEADER
fixed length control field 00984nam a22002177a 4500
005 - DATE AND TIME OF LATEST TRANSACTION
control field 20240117151215.0
008 - FIXED-LENGTH DATA ELEMENTS--GENERAL INFORMATION
fixed length control field 240117s2021 enk||||| |||| 00| 0 eng d
020 ## - INTERNATIONAL STANDARD BOOK NUMBER
International Standard Book Number 9789811513480
041 ## - LANGUAGE CODE
Language code of text/sound track or separate title eng
080 ## - UNIVERSAL DECIMAL CLASSIFICATION NUMBER
Universal Decimal Classification number 611.31 O-68
245 ## - TITLE STATEMENT
Title Oral and Maxillofacial Surgery for the Clinician :
Remainder of title Volume 1 /
Statement of responsibility, etc. Editors : Krishnamurthy Bonanthaya, Elavenil Panneerselvam, Suvy Manuel, Vinay V. Kumar, Anshul Rai.
264 ## - PRODUCTION, PUBLICATION, DISTRIBUTION, MANUFACTURE, AND COPYRIGHT NOTICE
Place of production, publication, distribution, manufacture Gateway East :
Name of producer, publisher, distributor, manufacturer Springer,
Date of production, publication, distribution, manufacture, or copyright notice 2021.
300 ## - PHYSICAL DESCRIPTION
Extent 935 p. :
Other physical details ill.;
Dimensions 28 cm.
653 ## - INDEX TERM--UNCONTROLLED
keyword პირის ღრუს და ყბა-სახის ქირურგია
700 ## - ADDED ENTRY--PERSONAL NAME
Personal name Bonanthaya, Krishnamurthy
Relator term რედაქტორი
9 (RLIN) 21060
700 ## - ADDED ENTRY--PERSONAL NAME
Personal name Panneerselvam, Elavenil
Relator term რედაქტორი
9 (RLIN) 21061
700 ## - ADDED ENTRY--PERSONAL NAME
Personal name Manuel, Suvy
Relator term რედაქტორი
9 (RLIN) 21062
700 ## - ADDED ENTRY--PERSONAL NAME
Personal name Kumar, Vinay V.
Relator term რედაქტორი
9 (RLIN) 21063
700 ## - ADDED ENTRY--PERSONAL NAME
Personal name Rai, Anshul
Relator term რედაქტორი
9 (RLIN) 21064
942 ## - ADDED ENTRY ELEMENTS (KOHA)
Source of classification or shelving scheme
Koha item type წიგნი
ეგზემპლარები
Withdrawn status Lost status Source of classification or shelving scheme Damaged status Not for loan Permanent Location Current Location Shelving location Date acquired Cost, normal purchase price Full call number Barcode Date last seen Copy number Price effective from Koha item type Public note
          ბათუმის შოთა რუსთაველის სახელმწიფო უნივერსიტეტის მთავარი ბიბლიოთეკა ბათუმის შოთა რუსთაველის სახელმწიფო უნივერსიტეტის მთავარი ბიბლიოთეკა წიგნსაცავი 2024-01-17 141.00 611.31 O-68 67142 2024-01-17 67142 2024-01-17 წიგნი 141 ლ.
          ბათუმის შოთა რუსთაველის სახელმწიფო უნივერსიტეტის მთავარი ბიბლიოთეკა ბათუმის შოთა რუსთაველის სახელმწიფო უნივერსიტეტის მთავარი ბიბლიოთეკა წიგნსაცავი 2024-01-17 141.00 611.31 O-68 67141 2024-01-17 67141 2024-01-17 წიგნი 141 ლ.